[Event "AUT-ch U16/18 Girls"]
[Site "St Veit"]
[Date "2023.04.06"]
[Round "7"]
[White "Zurnaci, Sena"]
[Black "Horn, Sarah"]
[Result "0-1"]
[WhiteElo "800"]
[BlackElo "1368"]
[PlyCount "42"]
[EventDate "2023.04.02"]
[EventType "swiss"]
[EventRounds "7"]
[EventCountry "AUT"]
[SourceTitle "EXT 2024"]
[Source "ChessBase"]
[SourceDate "2023.10.10"]
[SourceVersion "1"]
[SourceVersionDate "2023.10.10"]
[SourceQuality "1"]

1. e4 e5 2. Nf3 Nc6 3. Nc3 Nf6 4. Bb5 Bb4 5. 0-0 d6 6. Re1 0-0 7. a3 Ba5 8. d3 Bg4 9. h3 Bh5 10. Re2 Bxf3 11. gxf3 Nd4 12. Re1 Bxc3 13. bxc3 Nxb5 14. Rb1 Nxc3 15. Qd2 Nxb1 16. Qb4 Nxa3 17. Bxa3 Nh5 18. Bc1 Rb8 19. d4 Qf6 20. dxe5 dxe5 21. Qd2 Qxf3 0-1

[Event "AUT-ch U16/18 Girls"]
[Site "St Veit"]
[Date "2023.04.04"]
[Round "5"]
[White "Horn, Sarah"]
[Black "Doersieb, Bianca"]
[Result "1/2-1/2"]
[WhiteElo "1368"]
[BlackElo "1165"]
[PlyCount "98"]
[EventDate "2023.04.02"]
[EventType "swiss"]
[EventRounds "7"]
[EventCountry "AUT"]
[SourceTitle "EXT 2024"]
[Source "ChessBase"]
[SourceDate "2023.10.10"]
[SourceVersion "1"]
[SourceVersionDate "2023.10.10"]
[SourceQuality "1"]

1. e4 e5 2. Nf3 Nc6 3. d4 exd4 4. Bc4 Nf6 5. e5 d5 6. Bb5 Ne4 7. Nxd4 Bd7 8. Bxc6 bxc6 9. Be3 Be7 10. Nd2 Ng5 11. 0-0 0-0 12. f4 Ne6 13. f5 Nxd4 14. Bxd4 c5 15. Bc3 d4 16. Ba5 Rb8 17. Ne4 Bc6 18. Ng3 Qd5 19. Rf2 Qxe5 20. Qg4 Qf6 21. Bxc7 Rxb2 22. Bf4 Qh4 23. Qe2 Ba4 24. Rc1 Bg5 25. Nh5 d3 26. Qe5 Bf6 27. Nxf6+ Qxf6 28. Qxf6 gxf6 29. cxd3 Rxf2 30. Kxf2 Bb5 31. Rxc5 Bxd3 32. Bh6 Re8 33. g4 Be4 34. Kg3 Kh8 35. h3 Kg8 36. Ra5 Re7 37. Ra6 Bb1 38. a4 Bc2 39. a5 Bd3 40. Rxf6 a6 41. Kh4 Re4 42. Kg5 Be2 43. Rd6 Bb5 44. f6 Re5+ 45. Kf4 Re6 46. Rxe6 fxe6 47. g5 Kf7 48. h4 Be2 49. Ke5 Bc4 1/2-1/2

[Event "AUT-ch U16/18 Girls"]
[Site "St Veit"]
[Date "2023.04.02"]
[Round "2"]
[White "Gaisberger, Nina"]
[Black "Horn, Sarah"]
[Result "1-0"]
[WhiteElo "1535"]
[BlackElo "1368"]
[PlyCount "67"]
[EventDate "2023.04.02"]
[EventType "swiss"]
[EventRounds "7"]
[EventCountry "AUT"]
[SourceTitle "EXT 2024"]
[Source "ChessBase"]
[SourceDate "2023.10.10"]
[SourceVersion "1"]
[SourceVersionDate "2023.10.10"]
[SourceQuality "1"]

1. e4 e5 2. Nf3 Nc6 3. d4 exd4 4. Nxd4 Bc5 5. Nxc6 Qf6 6. f3 dxc6 7. Nc3 Be6 8. Bd3 0-0-0 9. Qe2 Ne7 10. Be3 Qh4+ 11. g3 Qh5 12. a3 Ng6 13. 0-0-0 Bxe3+ 14. Qxe3 Kb8 15. f4 Bg4 16. Be2 Bxe2 17. Qxe2 Qc5 18. Rd2 f6 19. Rhd1 Rxd2 20. Rxd2 Kc8 21. Qg4+ Kb8 22. Qd7 b6 23. Qxg7 Qg1+ 24. Rd1 Qxh2 25. f5 Qxg3 26. fxg6 Qg5+ 27. Kb1 Rc8 28. Qxh7 Kb7 29. g7 Qg4 30. e5 fxe5 31. Rf1 Qg2 32. Rf8 Qg1+ 33. Ka2 Qd4 34. g8Q 1-0

[Event "Styrian op U14/18 28th"]
[Site "Mureck"]
[Date "2022.08.09"]
[Round "7"]
[White "Markus, Molli Amina"]
[Black "Horn, Sarah"]
[Result "1-0"]
[WhiteElo "1879"]
[BlackElo "1355"]
[PlyCount "127"]
[EventDate "2022.08.03"]
[EventType "swiss"]
[EventRounds "9"]
[EventCountry "AUT"]
[SourceTitle "EXT 2023"]
[Source "ChessBase"]
[SourceDate "2022.10.05"]
[SourceVersion "1"]
[SourceVersionDate "2022.10.05"]
[SourceQuality "1"]

1. Nf3 Nf6 2. c4 e6 3. g3 d5 4. Bg2 d4 5. 0-0 c5 6. e3 Nc6 7. exd4 cxd4 8. d3 e5 9. a3 a5 10. Re1 Bd6 11. b3 0-0 12. Bg5 h6 13. Bxf6 Qxf6 14. Nfd2 Bf5 15. Ne4 Qg6 16. Nxd6 Qxd6 17. Qe2 Rae8 18. Nd2 Re7 19. Rec1 Rfe8 20. g4 Be6 21. Ne4 Qc7 22. Bh3 h5 23. f3 b6 24. Ng5 Qc8 25. Nxe6 Qxe6 26. Qe4 hxg4 27. fxg4 Qh6 28. Bg2 Re6 29. Rf1 Ne7 30. b4 a4 31. c5 bxc5 32. bxc5 Ng6 33. c6 Nh4 34. Bh1 Rg6 35. h3 f5 36. Qe2 fxg4 37. Bd5+ Kh8 38. hxg4 Qh5 39. Kf2 Rxg4 40. Ke1 Ng6 41. Rh1 Nh4 42. Bf3 Nxf3+ 43. Qxf3 Rg1+ 44. Kf2 Qxh1 45. Rxg1 Qh2+ 46. Rg2 Qf4 47. Qxf4 exf4 48. Kf3 Rc8 49. Rc2 Kg8 50. Kxf4 Kf7 51. Ke5 Ke7 52. Kd5 Rc7 53. Rg2 Kf8 54. Kd6 Rf7 55. Rg6 Ra7 56. Rg5 Ke8 57. Rb5 Ra6 58. Kc7 Ra7+ 59. Kb8 Re7 60. c7 Rxc7 61. Kxc7 Ke7 62. Rd5 Kf6 63. Rxd4 g5 64. Rxa4 1-0

[Event "AUT-ch U16 Girls"]
[Site "St Veit"]
[Date "2022.04.12"]
[Round "5"]
[White "Horn, Sarah"]
[Black "Vu Tran, Tue Anh"]
[Result "1-0"]
[WhiteElo "1339"]
[BlackElo "1493"]
[PlyCount "99"]
[EventDate "2022.04.10"]
[EventType "swiss"]
[EventRounds "6"]
[EventCountry "AUT"]
[SourceTitle "EXT 2023"]
[Source "ChessBase"]
[SourceDate "2022.10.05"]
[SourceVersion "1"]
[SourceVersionDate "2022.10.05"]
[SourceQuality "1"]

1. e4 c6 2. d4 d5 3. exd5 cxd5 4. Bd3 Nc6 5. c3 Nf6 6. Bf4 e6 7. Nf3 Bd6 8. Bxd6 Qxd6 9. Qe2 Bd7 10. Ne5 Ne7 11. Nd2 Ng6 12. Nxg6 hxg6 13. Nf3 Bc6 14. Ne5 Nd7 15. f4 Qe7 16. 0-0-0 Nxe5 17. fxe5 Kd7 18. Kb1 Raf8 19. Rdf1 Qg5 20. Rf3 Rh4 21. Bb5 Re4 22. Bxc6+ Kxc6 23. Qc2 b5 24. a4 a6 25. axb5+ axb5 26. c4 Kd7 27. cxb5 Rc8 28. Rxf7+ Ke8 29. Qxc8+ Kxf7 30. Rf1+ Rf4 31. Qd7+ Kg8 32. Qxe6+ Kh7 33. Rxf4 Qxf4 34. Qh3+ Kg8 35. Qc8+ Kh7 36. b6 Qxd4 37. Qa6 Qxe5 38. b7 d4 39. Qa8 Qe1+ 40. Ka2 Qe6+ 41. b3 Qe2+ 42. Ka3 Qc2 43. b8Q Qc5+ 44. Qb4 Qc1+ 45. Ka4 Qa1+ 46. Qa3 Qc3 47. Qf3 Qc7 48. Qaf8 Qa7+ 49. Kb5 Qd7+ 50. Kb4 1-0

[Event "AUT-ch U14 Girls"]
[Site "St Veit"]
[Date "2021.10.25"]
[Round "2.2"]
[White "Horn, Sarah"]
[Black "Vu Tran, Tue Anh"]
[Result "0-1"]
[WhiteElo "1361"]
[BlackElo "1440"]
[PlyCount "42"]
[EventDate "2021.10.25"]
[EventType "swiss"]
[EventRounds "7"]
[EventCountry "AUT"]
[SourceTitle "EXT 2023"]
[Source "ChessBase"]
[SourceDate "2022.10.05"]
[SourceVersion "1"]
[SourceVersionDate "2022.10.05"]
[SourceQuality "1"]

1. e4 c6 2. d4 d5 3. exd5 cxd5 4. Bd3 Nc6 5. c3 Nf6 6. Bf4 Bg4 7. Qc2 Rc8 8. Bg5 Bd7 9. Nf3 Nb4 10. Qe2 Nxd3+ 11. Qxd3 Qb6 12. Qc2 Ne4 13. Bf4 Bf5 14. Qe2 a6 15. 0-0 g5 16. Nxg5 Nxg5 17. Bxg5 Qg6 18. Qd2 Rg8 19. f4 h6 20. Bh4 Be4 21. Rf2 Bxb1 0-1

[Event "Styrian op U14/18 27th"]
[Site "Mureck"]
[Date "2021.08.12"]
[Round "9"]
[White "Horn, Sarah"]
[Black "Schwarz, Rene"]
[Result "1-0"]
[WhiteElo "1349"]
[BlackElo "1408"]
[PlyCount "63"]
[EventDate "2021.08.04"]
[EventType "swiss"]
[EventRounds "9"]
[EventCountry "AUT"]
[SourceTitle "EXT 2022"]
[Source "ChessBase"]
[SourceDate "2021.10.06"]
[SourceVersion "1"]
[SourceVersionDate "2021.10.06"]
[SourceQuality "1"]

1. e4 c5 2. Nf3 e6 3. d4 Nc6 4. Be3 Nf6 5. Nc3 b6 6. Bc4 cxd4 7. Nxd4 Bb7 8. Nxc6 dxc6 9. 0-0 Bb4 10. f3 0-0 11. Qe1 Qe7 12. a3 Bc5 13. e5 Nd5 14. Bxd5 exd5 15. Bxc5 Qxc5+ 16. Kh1 Rfe8 17. f4 d4 18. Ne4 Qxc2 19. Rf2 Qb3 20. Qe2 c5 21. Nd6 Re7 22. Qg4 Qe6 23. Nf5 g6 24. Nxe7+ Qxe7 25. Re1 Re8 26. f5 Bc8 27. e6 fxe6 28. fxg6 e5 29. Qh5 hxg6 30. Qxg6+ Kh8 31. Rf7 Rg8 32. Qh7# 1-0

[Event "Styrian op U14/18 27th"]
[Site "Mureck"]
[Date "2021.08.07"]
[Round "4"]
[White "Bakalarz, Adrian"]
[Black "Horn, Sarah"]
[Result "1-0"]
[WhiteElo "1543"]
[BlackElo "1349"]
[PlyCount "28"]
[EventDate "2021.08.04"]
[EventType "swiss"]
[EventRounds "9"]
[EventCountry "AUT"]
[SourceTitle "EXT 2022"]
[Source "ChessBase"]
[SourceDate "2021.10.06"]
[SourceVersion "1"]
[SourceVersionDate "2021.10.06"]
[SourceQuality "1"]

1. e4 e5 2. d4 exd4 3. Nf3 Nc6 4. Nxd4 Bc5 5. Nb3 Bb6 6. Nc3 a6 7. Nd5 Ba7 8. Qg4 Kf8 9. Bg5 d6 10. Bxd8 Bxg4 11. Bxc7 Bc5 12. Nxc5 dxc5 13. Bd6+ Nge7 14. Bxc5 Ke8 1-0

[Event "AUT-chT District U18 Online Rapid"]
[Site "Playchess.com INT"]
[Date "2020.12.12"]
[Round "9"]
[White "Haselsberger, Roman"]
[Black "Horn, Sarah"]
[Result "0-1"]
[WhiteElo "1529"]
[BlackElo "1634"]
[PlyCount "160"]
[EventDate "2020.12.12"]
[EventType "team-swiss (rapid)"]
[EventRounds "9"]
[EventCountry "AUT"]
[SourceTitle "EXT 2022"]
[Source "ChessBase"]
[SourceDate "2021.10.06"]
[SourceVersion "1"]
[SourceVersionDate "2021.10.06"]
[SourceQuality "1"]

1. e4 e5 2. Nf3 Nc6 3. Bc4 Bc5 4. d3 d6 5. h3 h6 6. 0-0 Nf6 7. Be3 Nd4 8. c3 Nxf3+ 9. Qxf3 Bxe3 10. fxe3 0-0 11. Nd2 Be6 12. Bb3 d5 13. exd5 Nxd5 14. e4 Nf6 15. Bxe6 fxe6 16. Nc4 Nd5 17. Qe2 Nf4 18. Qe3 Nxd3 19. Rxf8+ Kxf8 20. Rd1 b5 21. Nxe5 Qf6 22. Rf1 Nxe5 23. Rxf6+ gxf6 24. Qxh6+ Ke7 25. Qe3 a6 26. Qc5+ Kd7 27. g3 Rg8 28. Kg2 Rg5 29. Qa7 Nc6 30. Qxa6 Ne7 31. h4 Rh5 32. c4 bxc4 33. Qxc4 Nc6 34. Qc3 Rh6 35. a4 Rg6 36. a5 Ne7 37. a6 f5 38. a7 Rg8 39. Qa3 Ra8 40. exf5 exf5 41. Qd3+ Kc8 42. Qa3 Nc6 43. Qf8+ Kb7 44. Qxf5 Kxa7 45. Qd7 Kb6 46. g4 Rh8 47. Kg3 Rd8 48. Qxd8 Nxd8 49. h5 Nf7 50. Kf4 Kc6 51. Kf5 Kd6 52. g5 Ke7 53. g6 Nh6+ 54. Kg5 Ng8 55. h6 Kf8 56. h7 Kg7 57. hxg8Q+ Kxg8 58. Kf6 c5 59. b3 Kf8 60. g7+ Kg8 61. Kg6 c4 62. b4 c3 63. b5 c2 64. Kf6 c1Q 65. Ke6 Qc4+ 66. Kd6 Qxb5 67. Ke7 Kxg7 68. Kd6 Kf6 69. Kc7 Ke6 70. Kc8 Qc6+ 71. Kb8 Kd7 72. Ka7 Kd6 73. Kb8 Kc5 74. Ka7 Kb5 75. Kb8 Ka5 76. Ka7 Qb6+ 77. Ka8 Qd8+ 78. Kb7 Kb5 79. Ka7 Kc6 80. Ka6 Qb6# 0-1

[Event "AUT-ch U14 Girls Online Blitz"]
[Site "Playchess.com INT"]
[Date "2020.12.11"]
[Round "4"]
[White "Vicze, Kata"]
[Black "Horn, Sarah"]
[Result "1-0"]
[WhiteElo "1830"]
[BlackElo "1785"]
[PlyCount "99"]
[EventDate "2020.12.11"]
[EventType "tourn (blitz)"]
[EventRounds "5"]
[EventCountry "AUT"]
[SourceTitle "EXT 2022"]
[Source "ChessBase"]
[SourceDate "2021.10.06"]
[SourceVersion "1"]
[SourceVersionDate "2021.10.06"]
[SourceQuality "1"]

1. e4 e5 2. Nf3 Nc6 3. d4 exd4 4. Bc4 Bc5 5. c3 Nf6 6. e5 d5 7. Bb5 Ne4 8. cxd4 Bb4+ 9. Bd2 Nxd2 10. Nbxd2 0-0 11. 0-0 Bg4 12. Bxc6 bxc6 13. Qc2 Qd7 14. a3 Ba5 15. b4 Bb6 16. Rac1 a5 17. Qxc6 Qxc6 18. Rxc6 axb4 19. axb4 Ra4 20. Rb1 Bxf3 21. Nxf3 Rfa8 22. Rcc1 Kf8 23. h3 Ke7 24. Re1 Ke6 25. Ng5+ Ke7 26. Nxh7 Bxd4 27. Ng5 Bc3 28. Re3 Bxb4 29. Rf3 f6 30. exf6+ gxf6 31. Re3+ Kd6 32. Nf7+ Kd7 33. Rd1 c6 34. Nh6 Kc7 35. Nf5 Kb6 36. h4 Rd8 37. h5 c5 38. Re6+ Kb5 39. Nd6+ Kc6 40. Nf7+ Kd7 41. Nxd8 Kxd8 42. Rxd5+ Kc7 43. Rxf6 Ra1+ 44. Kh2 c4 45. Rd4 Rc1 46. h6 Bc5 47. Rg4 Bd6+ 48. g3 Be5 49. Re6 Bd6 50. h7 1-0

[Event "AUT-ch U12 Girls"]
[Site "St Veit"]
[Date "2019.06.10"]
[Round "5.2"]
[White "Horn, Sarah"]
[Black "Vu Tran, Tue Anh"]
[Result "0-1"]
[WhiteElo "1278"]
[BlackElo "1339"]
[PlyCount "58"]
[EventDate "2019.06.08"]
[EventType "swiss"]
[EventRounds "7"]
[EventCountry "AUT"]
[SourceTitle "EXT 2024"]
[Source "ChessBase"]
[SourceDate "2023.10.10"]
[SourceVersion "1"]
[SourceVersionDate "2023.10.10"]
[SourceQuality "1"]

1. e4 c6 2. d4 d5 3. exd5 cxd5 4. Bd3 Nf6 5. h3 Nbd7 6. Nf3 g6 7. Bf4 Bg7 8. Ne5 Qb6 9. Be2 Qxb2 10. Nd2 Qxd4 11. Nd3 Ne4 12. Nb3 Qc3+ 13. Kf1 e5 14. Bh2 0-0 15. Bf3 a5 16. a4 b5 17. Qe2 Bb7 18. g4 Ndc5 19. Bxe4 Nxe4 20. f3 Ng5 21. h4 Nxf3 22. Ndc5 Nxh2+ 23. Rxh2 Bc6 24. axb5 Be8 25. b6 Qb4 26. b7 Bb5 27. bxa8Q Bxe2+ 28. Rxe2 Rxa8 29. Rg2 a4 0-1

[Event "AUT-ch U12 Girls"]
[Site "St Veit"]
[Date "2019.06.08"]
[Round "2.2"]
[White "Horn, Sarah"]
[Black "Wielander, Magdalena"]
[Result "1-0"]
[WhiteElo "1278"]
[BlackElo "1018"]
[PlyCount "95"]
[EventDate "2019.06.08"]
[EventType "swiss"]
[EventRounds "7"]
[EventCountry "AUT"]
[SourceTitle "EXT 2024"]
[Source "ChessBase"]
[SourceDate "2023.10.10"]
[SourceVersion "1"]
[SourceVersionDate "2023.10.10"]
[SourceQuality "1"]

1. e4 e5 2. Nf3 Nc6 3. c3 d5 4. Qa4 f6 5. Bb5 Nge7 6. exd5 Qxd5 7. 0-0 Bd7 8. Bc4 Qa5 9. Qb3 0-0-0 10. d3 Nf5 11. Qc2 Bc5 12. b4 Bxb4 13. cxb4 Nxb4 14. Qb3 Rhe8 15. Bd2 c5 16. a3 g6 17. Qc3 Nc6 18. Qxa5 Nxa5 19. Bxa5 b6 20. Bd2 e4 21. dxe4 Rxe4 22. Bd5 Rg4 23. a4 Nd4 24. Nc3 Nxf3+ 25. Bxf3 Rg5 26. Bxg5 fxg5 27. Nb5 Bxb5 28. axb5 Kb8 29. Ra6 Rd4 30. Rfa1 Rd7 31. Bc6 Re7 32. f3 Rc7 33. Rd1 h6 34. Rd8+ Rc8 35. Rd7 Rc7 36. Rxc7 Kxc7 37. Rxa7+ Kd6 38. Rg7 c4 39. Rxg6+ Ke5 40. Be4 Kd4 41. Rxb6 Ke3 42. Rd6 c3 43. Rd3+ Kf4 44. Rxc3 g4 45. Kf2 gxf3 46. gxf3 h5 47. Rc5 h4 48. Rf5# 1-0

[Event "EU Union-ch U12 16th"]
[Site "Mureck"]
[Date "2018.08.08"]
[Round "8"]
[White "Trummer, Alexander"]
[Black "Horn, Sarah"]
[Result "1-0"]
[WhiteElo "982"]
[BlackElo "1256"]
[PlyCount "94"]
[EventDate "2018.08.01"]
[EventType "swiss"]
[EventRounds "9"]
[EventCountry "AUT"]
[SourceTitle "CBM 186 Extra"]
[Source "ChessBase"]
[SourceDate "2018.08.24"]
[SourceVersion "1"]
[SourceVersionDate "2018.08.24"]
[SourceQuality "1"]

1. e4 c5 2. Nf3 g6 3. d4 cxd4 4. Nxd4 Bg7 5. Be3 Nc6 6. Nc3 Nf6 7. Be2 0-0 8. Qd2 Re8 9. 0-0-0 d5 10. exd5 Nxd5 11. Nxc6 bxc6 12. Nxd5 cxd5 13. Qxd5 Qxd5 14. Rxd5 Be6 15. Ra5 Red8 16. Rd1 Rdb8 17. c3 Rc8 18. Bf3 Rab8 19. Bxa7 Rxb2 20. Kxb2 Bxc3+ 21. Kb1 Bxa5 22. h3 Bf5+ 23. Kb2 Rc2+ 24. Kb3 Bc3 25. g4 Be5 26. Be3 Rb2+ 27. Ka3 Be6 28. Bd5 Bxd5 29. Rxd5 Bc3 30. Rc5 Rb8 31. Rxc3 e5 32. Rb3 Ra8+ 33. Kb2 f5 34. Bc5 Re8 35. Bd6 f4 36. Rb8 Kf7 37. Rxe8 Kxe8 38. Bxe5 f3 39. a4 Kd8 40. Kc3 Kc8 41. Kd3 Kb7 42. Bc3 Ka6 43. Bb4 h5 44. g5 Kb6 45. Ke3 Ka6 46. Kxf3 Kb6 47. Ke4 Ka6 1-0

[Event "EU Union-ch U12 16th"]
[Site "Mureck"]
[Date "2018.08.06"]
[Round "6"]
[White "Beyer, Lorenz"]
[Black "Horn, Sarah"]
[Result "1-0"]
[WhiteElo "1236"]
[BlackElo "1256"]
[PlyCount "49"]
[EventDate "2018.08.01"]
[EventType "swiss"]
[EventRounds "9"]
[EventCountry "AUT"]
[SourceTitle "CBM 186 Extra"]
[Source "ChessBase"]
[SourceDate "2018.08.24"]
[SourceVersion "1"]
[SourceVersionDate "2018.08.24"]
[SourceQuality "1"]

1. d4 d5 2. e3 c5 3. c3 Nf6 4. Bd3 e6 5. f4 Nc6 6. Nf3 Bd6 7. 0-0 0-0 8. Ne5 Nd7 9. Nd2 f6 10. Nxc6 bxc6 11. e4 c4 12. Bc2 e5 13. fxe5 fxe5 14. exd5 cxd5 15. dxe5 Nxe5 16. Nf3 Nxf3+ 17. Rxf3 Rxf3 18. Qxd5+ Kh8 19. Qxf3 Qb6+ 20. Kh1 Bb7 21. Qh3 g6 22. Bxg6 Kg7 23. Qxh7+ Kf6 24. Qf7+ Ke5 25. Bf4# 1-0

[Event "AUT-ch U12 Girls"]
[Site "St Kanzian"]
[Date "2018.05.19"]
[Round "2.4"]
[White "Weingartner, Anna"]
[Black "Horn, Sarah"]
[Result "0-1"]
[WhiteElo "800"]
[BlackElo "1253"]
[PlyCount "82"]
[EventDate "2018.05.19"]
[EventType "swiss"]
[EventRounds "7"]
[EventCountry "AUT"]
[SourceTitle "EXT 2024"]
[Source "ChessBase"]
[SourceDate "2023.10.10"]
[SourceVersion "1"]
[SourceVersionDate "2023.10.10"]
[SourceQuality "1"]

1. e4 e5 2. Nf3 Nc6 3. Bc4 Bc5 4. d3 Nf6 5. Ng5 0-0 6. Nxf7 Rxf7 7. Bxf7+ Kxf7 8. Nc3 d6 9. h3 Be6 10. 0-0 Kg8 11. Be3 Bd4 12. Bxd4 Nxd4 13. Rc1 d5 14. f3 c6 15. Qe1 Qb6 16. Qe3 Qxb2 17. Qd2 Qb4 18. Rb1 Qc5 19. Rf2 b6 20. Na4 Qe7 21. Qg5 Qf7 22. Qxe5 c5 23. c3 Nc6 24. Qg5 h6 25. Qg3 Nh5 26. Qh4 Rf8 27. c4 dxc4 28. Nb2 Nf4 29. Qg3 cxd3 30. Rd1 Ne2+ 31. Rxe2 dxe2 32. Re1 Nd4 33. Nd3 Bxa2 34. Nc1 b5 35. e5 b4 36. Nd3 Qc4 37. Nb2 Qc2 38. Nd1 exd1Q 39. Rf1 Ne2+ 40. Kh2 Qxf1 41. Qh4 Qg1# 0-1

[Event "AUT-ch U16 Girls"]
[Site "St Veit"]
[Date "2018.03.29"]
[Round "7"]
[White "Horn, Sarah"]
[Black "Felleitner, Christina"]
[Result "1/2-1/2"]
[WhiteElo "1242"]
[BlackElo "1472"]
[PlyCount "60"]
[EventDate "2018.03.25"]
[EventType "swiss"]
[EventRounds "7"]
[EventCountry "AUT"]
[SourceTitle "EXT 2019"]
[Source "ChessBase"]
[SourceDate "2018.10.10"]
[SourceVersion "1"]
[SourceVersionDate "2018.10.10"]
[SourceQuality "1"]

1. e4 Nf6 2. e5 Nd5 3. Bc4 Nb6 4. Bb3 d6 5. Nf3 Nc6 6. d4 dxe5 7. d5 e4 8. dxc6 Qxd1+ 9. Kxd1 exf3 10. gxf3 bxc6 11. Bf4 Nd5 12. Ba4 Bb7 13. Bg3 0-0-0 14. Nd2 c5 15. Kc1 Nb6 16. Bb3 c4 17. Bxc4 Nxc4 18. Nxc4 Bxf3 19. Re1 f6 20. a4 e5 21. c3 a6 22. Bh4 Bd6 23. b4 h5 24. h3 g5 25. Bg3 h4 26. Bh2 Rhg8 27. a5 g4 28. Re3 g3 29. fxg3 hxg3 30. Bg1 Bd5 1/2-1/2

[Event "AUT-ch U16 Girls"]
[Site "St Veit"]
[Date "2018.03.25"]
[Round "1"]
[White "Moerwald, Magdalena"]
[Black "Horn, Sarah"]
[Result "1-0"]
[WhiteElo "1790"]
[BlackElo "1242"]
[PlyCount "77"]
[EventDate "2018.03.25"]
[EventType "swiss"]
[EventRounds "7"]
[EventCountry "AUT"]
[SourceTitle "EXT 2019"]
[Source "ChessBase"]
[SourceDate "2018.10.10"]
[SourceVersion "1"]
[SourceVersionDate "2018.10.10"]
[SourceQuality "1"]

1. e4 c5 2. Nf3 g6 3. d4 cxd4 4. Nxd4 Bg7 5. Nc3 Nc6 6. Be3 Nf6 7. Bc4 Qb6 8. Bb3 Qb4 9. Nxc6 bxc6 10. Qd4 Qxd4 11. Bxd4 Ba6 12. 0-0-0 0-0 13. Bxf6 Bxf6 14. Rxd7 Rfb8 15. f4 e6 16. e5 Bg7 17. Ba4 Bb5 18. Bxb5 cxb5 19. Ne4 b4 20. Nd6 f6 21. Nc4 a5 22. Rd6 Kf7 23. exf6 Bxf6 24. Re1 Re8 25. Rb6 e5 26. Nd6+ Kg7 27. Nxe8+ Rxe8 28. fxe5 Bxe5 29. Kb1 Rf8 30. Rb7+ Kh6 31. a3 Bd6 32. Re3 bxa3 33. bxa3 Rf2 34. Rh3+ Kg5 35. Rb5+ Kg4 36. Rxa5 h5 37. Rd3 Bxh2 38. Rd4+ Kg3 39. Rg5# 1-0

[Event "AUT-ch U10 Girls"]
[Site "St Kanzian"]
[Date "2017.06.17"]
[Round "4.1"]
[White "Horn, Sarah"]
[Black "Katter, Marlene"]
[Result "0-1"]
[WhiteElo "1120"]
[BlackElo "1275"]
[PlyCount "106"]
[EventDate "2017.06.16"]
[EventType "swiss"]
[EventRounds "7"]
[EventCountry "AUT"]
[SourceTitle "EXT 2024"]
[Source "ChessBase"]
[SourceDate "2023.10.10"]
[SourceVersion "1"]
[SourceVersionDate "2023.10.10"]
[SourceQuality "1"]

1. e4 c5 2. c3 e6 3. Bc4 d5 4. exd5 exd5 5. Be2 Nf6 6. d4 c4 7. Bf4 Bd6 8. Bxd6 Qxd6 9. Nf3 0-0 10. 0-0 Ne4 11. Nbd2 Re8 12. Ne5 Bf5 13. Bh5 Rf8 14. Nxe4 Bxe4 15. Qg4 Bg6 16. Rfe1 Nc6 17. Bxg6 hxg6 18. Re3 Rad8 19. Qh4 Qf6 20. Qg4 Qf5 21. Qxf5 gxf5 22. Nxc6 bxc6 23. Rae1 Rb8 24. Re7 Rxb2 25. Rxa7 Rc2 26. Ra1 Rxc3 27. Rc7 Rd3 28. a4 Rxd4 29. a5 c3 30. Rxc6 Rc4 31. Rxc4 dxc4 32. a6 c2 33. a7 Ra8 34. f3 Rxa7 35. Rc1 Ra2 36. Kf2 f4 37. Ke2 Kf8 38. Kd2 Ke7 39. Rxc2 Rxc2+ 40. Kxc2 Kd6 41. Kc3 Kc5 42. g3 fxg3 43. hxg3 Kd5 44. g4 g5 45. Kc2 Kd4 46. Kd2 c3+ 47. Kc2 Ke3 48. Kxc3 Kxf3 49. Kd3 Kxg4 50. Ke2 f5 51. Kf2 f4 52. Kg2 f3+ 53. Kf2 Kf4 0-1